Auguste Comte : (Record no. 1252)

MARC details
000 -LEADER
fixed length control field 00952cam a2200325 i 4500
001 - CONTROL NUMBER
control field 1295850
003 - CONTROL NUMBER IDENTIFIER
control field OSt
005 - DATE AND TIME OF LATEST TRANSACTION
control field 20230619113919.0
008 - FIXED-LENGTH DATA ELEMENTS--GENERAL INFORMATION
fixed length control field 761124s1976 enk b 001 0 eng
010 ## - LIBRARY OF CONGRESS CONTROL NUMBER
LC control number 76380464
015 ## - NATIONAL BIBLIOGRAPHY NUMBER
National bibliography number GB76-06338
020 ## - INTERNATIONAL STANDARD BOOK NUMBER
International Standard Book Number 0177110783 :
Terms of availability $4.95.
020 ## - INTERNATIONAL STANDARD BOOK NUMBER
International Standard Book Number 0177120851
Qualifying information (pbk.)
040 ## - CATALOGING SOURCE
Original cataloging agency DLC
Transcribing agency DLC
Modifying agency DLC
043 ## - GEOGRAPHIC AREA CODE
Geographic area code e-fr---
050 00 - LIBRARY OF CONGRESS CALL NUMBER
Classification number HM22.F8
Item number C573 1976
082 00 - DEWEY DECIMAL CLASSIFICATION NUMBER
Classification number 301/.092/4
Item number COM
100 1# - MAIN ENTRY--PERSONAL NAME
Personal name Comte, Auguste,
Dates associated with a name 1798-1857.
245 00 - TITLE STATEMENT
Title Auguste Comte :
Remainder of title the foundation of sociology /
Statement of responsibility, etc. [edited by] Kenneth Thompson.
260 ## - PUBLICATION, DISTRIBUTION, ETC. (IMPRINT)
Place of publication, distribution, etc. London :
Name of publisher, distributor, etc. Nelson,
Date of publication, distribution, etc. 1976.
300 ## - PHYSICAL DESCRIPTION
Extent xiv, 220 p. ;
Dimensions 23 cm.
490 0# - SERIES STATEMENT
Series statement The Making of sociology series
500 ## - GENERAL NOTE
General note Includes index.
504 ## - BIBLIOGRAPHY, ETC. NOTE
Bibliography, etc Bibliography: p. 213-214.
600 10 - SUBJECT ADDED ENTRY--PERSONAL NAME
Personal name Comte, Auguste,
Dates associated with a name 1798-1857.
650 #0 - SUBJECT ADDED ENTRY--TOPICAL TERM
Topical term or geographic name as entry element Sociology.
700 1# - ADDED ENTRY--PERSONAL NAME
Personal name Thompson, Kenneth,
Dates associated with a name 1923-
906 ## - LOCAL DATA ELEMENT F, LDF (RLIN)
a 7
b cbc
c orignew
d u
e ncip
f 19
g y-gencatlg
942 ## - ADDED ENTRY ELEMENTS (KOHA)
Source of classification or shelving scheme Dewey Decimal Classification
Koha item type Books
Holdings
Withdrawn status Lost status Source of classification or shelving scheme Damaged status Not for loan Home library Current library Date acquired Total Checkouts Full call number Barcode Date last seen Price effective from Koha item type
    Dewey Decimal Classification     County Hall Archives County Hall Archives 06/19/2023   301/.092/4 COM 10000786 06/19/2023 06/19/2023 Books
LIBRARY OPENING HOURS

When the Parliament is sitting: 8.00a.m - 7.00p.m or until the house adjourns
Mondays and Fridays and when the House is on Recess:  8.00a.m - 5.00p.m
Closed on Weekends and Public Holidays

Online Public Access Catalog (OPAC)
Website: http://www.parliament.go.ke
Bunge Library: https://libraryir.parliament.go.ke
Contact: library@parliament.go.ke | Tel no: (254-2)2221291 or 2848000 Ext 5043